000 00631cam a2200145 4500500
005 20251228092827.0
041 _afre
042 _adc
100 1 0 _aCarruthers, Leo
_eauthor
245 0 0 _aSiegfried WENZEL, Elucidations. Medieval Pœtry and Its Religious Backgrounds, Louvain–Paris–Walpole, Peeters, 2010 ; 1 vol. in-8o, XVIII–374 p. (Synthema, 6). ISBN : 978-90-429-2195-5. Prix : € 59,00.
260 _c2011.
500 _a8
786 0 _nLe Moyen Age | CXVII | 1 | 2011-12-10 | p. 117l-132l | 0027-2841
856 4 1 _uhttps://shs.cairn.info/revue-le-moyen-age-2011-1-page-117l?lang=fr&redirect-ssocas=7080
999 _c1603613
_d1603613